Manejo poscosecha del mango para el mercado fresco

محفوظ في:
التفاصيل البيبلوغرافية
المؤلفون الرئيسيون: Montero Calderón, Marta Elena (autora), Cerdas Araya, María del Milagro (مؤلف)
التنسيق: كتاب
اللغة:الإسبانية
منشور في: San José Centro de Investigaciones Agronómicas 2000
الموضوعات:
الوسوم: إضافة وسم
لا توجد وسوم, كن أول من يضع وسما على هذه التسجيلة!

MARC

LEADER 00000nam a2200000 a 4500
001 UCL5230
003 CL-VaPUC
008 040305e20000000CR |||||||||||||||||spa|d
020 |a 9968844004 
082 0 4 |a 634.44  |b MON  |2 21 
100 |a Montero Calderón, Marta Elena  |e autora  |9 482965 
700 0 |a Cerdas Araya, María del Milagro  |e author  |9 482969 
245 1 0 |a Manejo poscosecha del mango para el mercado fresco 
300 |a 220 p 
942 |c BK 
945 |d 20040305 00:00:00  |a cmena 
260 |a San José  |b Centro de Investigaciones Agronómicas  |c 2000 
650 7 |a MANGO  |2 CL-VaPUC  |9 264438 
650 7 |a ENFERMEDADES Y PLAGAS  |2 CL-VaPUC  |9 482970 
650 0 |a Producción agrícola  |9 353481 
650 0 |a Fruticultura  |9 259678 
583 |a last modification  |c 20040305 00:00:00  |k Rodrigo Vera 
999 |c 307883  |d 307881 
952 |0 0  |1 1  |2 ddc  |4 0  |6 634_440000000000000_MON_2000  |7 0  |8 A  |9 374035  |a BIBAGR  |b BIBAGR  |d 2019-11-21  |i 3927334  |o 634.44 MON 2000  |p 3927334  |r 2019-11-21  |w 2019-11-21  |y BK  |k AGR